<?xml version="1.0" encoding="UTF-8"?>
<collection xmlns="http://www.loc.gov/MARC21/slim">
 <record>
  <leader>01390nam a22003257a 4500</leader>
  <controlfield tag="001">32537</controlfield>
  <controlfield tag="003">BD-DhAAL</controlfield>
  <controlfield tag="005">20250625164357.0</controlfield>
  <controlfield tag="008">180411t2011    bg a|||| b||| 00| 0 eng d</controlfield>
  <datafield tag="040" ind1=" " ind2=" ">
   <subfield code="a">BD-DhAAL</subfield>
  </datafield>
  <datafield tag="082" ind1=" " ind2=" ">
   <subfield code="a">305.4095492</subfield>
   <subfield code="2">22</subfield>
  </datafield>
  <datafield tag="100" ind1=" " ind2=" ">
   <subfield code="a">Mahmud,  Simeen.</subfield>
   <subfield code="9">25276</subfield>
  </datafield>
  <datafield tag="245" ind1=" " ind2=" ">
   <subfield code="a">The under reporting of women's economic activities in Bangladesh : </subfield>
   <subfield code="b">an examination of official statistics /</subfield>
   <subfield code="c">Simeen Mahmud and Sakiba Tasneem.</subfield>
  </datafield>
  <datafield tag="260" ind1=" " ind2=" ">
   <subfield code="a">Dhaka :</subfield>
   <subfield code="b">BRAC Development Institute (BDI),</subfield>
   <subfield code="c">c2011.</subfield>
  </datafield>
  <datafield tag="300" ind1=" " ind2=" ">
   <subfield code="a">vi, 25 pages :</subfield>
   <subfield code="b">illustrations ;</subfield>
   <subfield code="c">24 cm. </subfield>
  </datafield>
  <datafield tag="490" ind1=" " ind2=" ">
   <subfield code="a">BDI working paper,</subfield>
   <subfield code="v">no. 01/2011</subfield>
  </datafield>
  <datafield tag="500" ind1=" " ind2=" ">
   <subfield code="a">&quot;Pathways of Women's Empowerment.&quot;</subfield>
  </datafield>
  <datafield tag="504" ind1=" " ind2=" ">
   <subfield code="6">Including bibliographical references (page 23).  </subfield>
  </datafield>
  <datafield tag="526" ind1=" " ind2=" ">
   <subfield code="a">AAL</subfield>
  </datafield>
  <datafield tag="541" ind1=" " ind2=" ">
   <subfield code="a">Complementary copy</subfield>
   <subfield code="e">32537</subfield>
  </datafield>
  <datafield tag="650" ind1=" " ind2=" ">
   <subfield code="a">Women</subfield>
   <subfield code="x">Social conditions</subfield>
   <subfield code="z">Bangladesh.</subfield>
   <subfield code="9">25459</subfield>
  </datafield>
  <datafield tag="650" ind1=" " ind2=" ">
   <subfield code="a">Women's rights</subfield>
   <subfield code="z">Bangladesh.</subfield>
   <subfield code="9">25460</subfield>
  </datafield>
  <datafield tag="650" ind1=" " ind2=" ">
   <subfield code="a">Women</subfield>
   <subfield code="x">Legal status, laws, etc.</subfield>
   <subfield code="z">Bangladesh.</subfield>
   <subfield code="9">25461</subfield>
  </datafield>
  <datafield tag="700" ind1=" " ind2=" ">
   <subfield code="a">Tasneem, Sakiba.</subfield>
   <subfield code="9">25462</subfield>
  </datafield>
  <datafield tag="710" ind1=" " ind2=" ">
   <subfield code="a">BRAC University.</subfield>
   <subfield code="b">Development Institute.</subfield>
   <subfield code="9">25471</subfield>
  </datafield>
  <datafield tag="710" ind1=" " ind2=" ">
   <subfield code="a">Pathways of Women's Empowerment Programme.</subfield>
   <subfield code="9">25472</subfield>
  </datafield>
  <datafield tag="852" ind1=" " ind2=" ">
   <subfield code="a">Ayesha Abed Library</subfield>
   <subfield code="c">General stacks</subfield>
  </datafield>
  <datafield tag="942" ind1=" " ind2=" ">
   <subfield code="2">ddc</subfield>
   <subfield code="c">BK</subfield>
  </datafield>
  <datafield tag="999" ind1=" " ind2=" ">
   <subfield code="c">39255</subfield>
   <subfield code="d">39255</subfield>
  </datafield>
  <datafield tag="952" ind1=" " ind2=" ">
   <subfield code="0">0</subfield>
   <subfield code="1">0</subfield>
   <subfield code="2">ddc</subfield>
   <subfield code="4">0</subfield>
   <subfield code="6">305_409549200000000_MAH</subfield>
   <subfield code="7">0</subfield>
   <subfield code="9">63082</subfield>
   <subfield code="a">BRACUL</subfield>
   <subfield code="b">BRACUL</subfield>
   <subfield code="c">GEN</subfield>
   <subfield code="d">2018-04-11</subfield>
   <subfield code="e">Complementary copy</subfield>
   <subfield code="l">0</subfield>
   <subfield code="o">305.4095492 MAH</subfield>
   <subfield code="p">3010032537</subfield>
   <subfield code="r">2018-04-11</subfield>
   <subfield code="t">1</subfield>
   <subfield code="w">2018-04-11</subfield>
   <subfield code="y">BK</subfield>
  </datafield>
 </record>
</collection>
